Psychologické typy /

Salvato in:
Dettagli Bibliografici
Autore principale: Jung, Carl Gustav (Autore)
Natura: Libro
Lingua:ceco
Pubblicazione: Praha : Portál, 2020
Edizione:1. vydanie
Soggetti:
Tags: Aggiungi Tag
Nessun Tag, puoi essere il primo ad aggiungerne!!

MARC

LEADER 00000nam a22000003a 4500
001 0090817
003 SK-STU
005 20211011140213.4
007 ta
008 211011s ----xo-----e------000-0-----d
020 |a 978-80-262-1654-4 
040 |a STU  |b slo 
041 0 |a cze 
044 |a xr 
100 1 |a Jung, Carl Gustav  |4 aut 
245 1 0 |a Psychologické typy /  |c aut. Carl Gustav Jung 
250 |a 1. vydanie 
260 |a Praha :  |b Portál,  |c 2020 
300 |a 680 s. 
650 0 7 |a psychológia a filozofia 
650 0 7 |a kognitívna psychológia 
650 0 7 |a Psychológia analytická 
650 0 7 |a vedomie 
996 |b 284AU09108  |c A* 12390/U  |l AA5150  |s P  |a 0  |w 0090817_0001